000 00490nam a22001697a 4500
005 20250912125818.0
008 250912b |||||||| |||| 00| 0 eng d
040 _aMAIN
082 _a530.41
_bS58S
100 _aSanket
245 _aSynthesis and characterization of graphene composites for electromagnetic shielding applications
260 _bDepartment of Physics, M D University, Rohtak
_c2024
300 _aix, 134
650 _aPhysics
700 _aPunia, Rajesh
942 _cTH
999 _c393508
_d393508